Sprechen Sie deutsch ? Mluvíte německy? : Učebnice k rozhlasovému kursu němčiny

Saved in:
Bibliographic Details
Main Authors: Jungwirth, Karel (Author), Zapletal, Štěpán (Author), Haupt, Jar (Author)
Format: Book
Language:German
Published: Praha : Svoboda, 1968
Tags: Add Tag
No Tags, Be the first to tag this record!

MARC

LEADER 00000nam a22000003a 4500
001 stu234703
005 20150617230145.8
008 110922s1973------------------------ger-d
040 |a STU  |b slo 
041 0 |a ger 
080 |a 801.318=30=850 
080 |a 801.5  |7 stu_us_auth*stu7891 
100 1 |a Jungwirth, Karel  |4 aut 
245 1 |a Sprechen Sie deutsch ? Mluvíte německy? :  |b Učebnice k rozhlasovému kursu němčiny 
260 |a Praha :  |b Svoboda,  |c 1968 
300 |a 262 s 
700 1 |a Zapletal, Štěpán  |4 aut 
700 1 |a Haupt, Jar.  |4 aut 
996 |b E34333  |c E*34333  |l EE16  |s P  |a 0  |w stu234703_0001 
996 |b E34334  |c E*34334  |l EE16  |s P  |a 0  |w stu234703_0002 
996 |b E34335  |c E*34335  |l EE16  |s P  |a 0  |w stu234703_0003 
996 |b E34336  |c E*34336  |l EE16  |s P  |a 0  |w stu234703_0004 
996 |b E34337  |c E*34337  |l EE16  |s P  |a 0  |w stu234703_0005 
996 |b E34338  |c E*34338  |l EE16  |s P  |a 0  |w stu234703_0006 
996 |b E34339  |c E*34339  |l EE16  |s P  |a 0  |w stu234703_0007 
996 |b E34340  |c E*34340  |l EE16  |s P  |a 0  |w stu234703_0008 
996 |b E34341  |c E*34341  |l EE16  |s P  |a 0  |w stu234703_0009